Statistics for James Bond Countries Visited Map

Click here to take the quiz!

General Stats

  • This quiz has been taken 44,412 times
    (30,717 since last reset)
  • The average score is 35 of 45

Answers on the Map

Answers color-coded by a green-red scale on the quiz's map according to % correct below.
 

Answer Stats

Country% Correct
United States
99%
Russia
98%
United Kingdom
98%
China
97%
France
97%
Brazil
96%
Germany
96%
Mexico
96%
Spain
96%
India
95%
Italy
94%
Japan
93%
Egypt
91%
Portugal
88%
Turkey
87%
Norway
86%
Cuba
85%
Greece
84%
Switzerland
84%
Austria
82%
South Korea
81%
Morocco
80%
Thailand
76%
Iceland
75%
Netherlands
75%
Pakistan
75%
Vietnam
75%
Czech Rep.
73%
Croatia
71%
Afghanistan
70%
Albania
69%
North Korea
69%
Serbia
69%
Bahamas
68%
Haiti
68%
Jamaica
68%
Slovakia
68%
Bolivia
67%
Kazakhstan
64%
Vatican City
63%
Monaco
62%
Madagascar
56%
Montenegro
54%
Azerbaijan
44%
Lebanon
42%

Score Distribution

Percentile by Number Answered

Percent of People with Each Score

Your Score History

You have not taken this quiz since the last reset